000 01022nam a2200325 i 4500
003 EG-GICUC
005 20260121164004.0
008 260121s1993 fr ||||fr|||| 001 0 fre d
020 _a2-7111-2249-2
040 _aEG-GiCUC
_bfre
_cEG-GiCUC
_dEG-GiCUC
_eRda
041 _afre
082 0 4 _221
_a341.3
_bBR . R
092 0 4 _221
099 _aLaw1 11 341.3 BR . R 1993
100 1 _aBretton, Philippe
_eAuteur
245 1 0 _aRelations Internationales Contemporaines /
_cPhilippe Bretton.
264 1 _aParis :
_blitec,
_c1993.
300 _a385 page ;
_c 24 cm.
336 _2rda contenu
_a texte
337 _2rda medias
_aOrdinateur
338 _2 transporteur rda
_a Ressource en ligne
500 _aComprend des annexes. Comprend un index.
546 _aTexte en français
650 1 4 _aRelations internationales
_2qrmak
650 1 4 _aDroit international public
_2qrmak
651 1 _2qrmak
856 4 0 _uhttps://fll.law.cu.edu.eg/fulltext/bks/B11-06571.pdf
905 _a79
942 _2ddc
_cBK
_e21
_n0
999 _c58507
_d58507